U.S. Military Acronyms - Statistics

General Stats
  • This quiz has been taken 101,269 times
    90,997 since last reset
  • The average score is 12 of 20
Answer Stats
Acronym Phrase % Correct
MIA {Missing} in Action
92%
POW {Prisoner} of War
91%
AWOL {Absent} Without Leave
83%
DoD Department of {Defense}
81%
RPG Rocket-Propelled {Grenade}
81%
PFC {Private} First Class
79%
DMZ {Demilitarized} Zone
76%
CO {Commanding} Officer
75%
ROE Rules of {Engagement}
73%
ICBM {Intercontinental} Ballistic Missile
64%
UAV {Unmanned} Aerial Vehicle
54%
IED {Improvised} Explosive Device
53%
LZ {Landing} Zone
53%
PT {Physical} Training
52%
MRE Meal {Ready} {to} {Eat}
51%
NCO {Non}-{Commissioned} Officer
50%
SAM {Surface}-{to}-{Air} Missile
48%
KP {Kitchen} Patrol
27%
ROTC {Reserve} {Officers}' Training Corp
27%
APO Army {Post} {Office}
25%
No matching quizzes found
Score Distribution
Percent of People with Each Score
Percentile by Number Answered
Your Score History
You have not taken this quiz since the last reset